Las vías de reconstitución del régimen salvadoreño/
La autora apunta que en El Salvador, si bien la crisis política no se ha resuelto, el rumbo que ha seguido el proceso de desarrollo apunta más hacia la re-legitimación del estado y a la recomposición de fuerzas del régimen en el curso de la guerra, que a la transformación radical de las estructuras....
Na minha lista:
| Autor principal: | |
|---|---|
| Formato: | Livro |
| Idioma: | Spanish |
| Assuntos: | |
| Tags: |
Adicionar Tag
Sem tags, seja o primeiro a adicionar uma tag!
|
MARC
| LEADER | 00000nam a22000007a 4500 | ||
|---|---|---|---|
| 003 | cru IIS | ||
| 005 | 20220316062540.0 | ||
| 008 | 220315b |||||||| |||| 00| 0 spa d | ||
| 040 | |c cru IIS | ||
| 100 | 1 | |a Gordon, Sara |e Autora |9 10311 | |
| 245 | 1 | 4 | |a Las vías de reconstitución del régimen salvadoreño/ |c Sara Gordon |
| 300 | |a 17 páginas | ||
| 500 | |a Colección Centroamérica | ||
| 520 | |a La autora apunta que en El Salvador, si bien la crisis política no se ha resuelto, el rumbo que ha seguido el proceso de desarrollo apunta más hacia la re-legitimación del estado y a la recomposición de fuerzas del régimen en el curso de la guerra, que a la transformación radical de las estructuras. En el documento se analiza este desarrollo, y los factores que han incidido en él. Examina temas tales como: a-. la intervención de Estados Unidos y sus impulsos para recomponer la legitimidad del estado salvadoreño, b-. la lucha contra el Frente Farabundo Martí para la Liberación Nacional, c-. el papel el ejército y la posición de los partidos políticos, y d-. la situación de la guerra interna. FH/mb | ||
| 650 | 4 | |9 3253 |a POLITICA GUBERNAMENTAL | |
| 650 | 0 | |9 71 |a DESARROLLO ECONOMICO Y SOCIAL | |
| 650 | 0 | |9 3745 |a INTERVENCION DEL ESTADO | |
| 650 | 0 | |9 4132 |a PARTICIPACION DEL ESTADO | |
| 650 | 0 | |9 67 |a SISTEMAS POLITICOS | |
| 650 | 4 | |9 1921 |a INTERVENCION EXTRANJERA | |
| 650 | 4 | |9 1937 |a GUERRA CIVIL | |
| 650 | 0 | |9 413 |a PARTIDOS POLITICOS | |
| 651 | 4 | |9 1928 |a EL SALVADOR | |
| 942 | |2 ddc |c PP | ||
| 999 | |c 44137 |d 44137 | ||
| 773 | 0 | |0 18901 |9 6717 |a Universidad de Costa Rica. |d San José, Costa Rica CSUCA, 1986- |o MFN: 13345 |t Cuadernos de Investigación CSUCA / | |
